000 00351nam a2200145Ia 4500
008 230917s9999||||xx |||||||||||||| ||und||
040 _e3816
_aMAIN
041 _aEnglish
082 _a320.947 G959I
100 _aGunther, John
245 0 _aInside Russia today
260 _aLondon
_bHamish Hamilton
_c1962
300 _axxii, 604 p.
942 _cBK
999 _c183195
_d183195